| 000 | 00496nam a22001817a 4500 | ||
|---|---|---|---|
| 003 | 0 | ||
| 005 | 20231211071102.0 | ||
| 008 | 231211b xxu||||| |||| 00| 0 eng d | ||
| 020 | _a978-1-4063-7359-2 | ||
| 050 |
_aTR _bIbr14 2016 |
||
| 082 |
_aTR _bIbr14 2016 |
||
| 100 | _aWillems, Mo | ||
| 245 |
_aI broke my trunk! _cMo Willems |
||
| 260 |
_aNew York _bScholastic, Inc. _cc2016. |
||
| 300 |
_a56 pages : _bcolored illustrations ; _c24cm. |
||
| 650 | _aChildren's stories. | ||
| 942 |
_2ddc _cBK |
||
| 999 |
_c365734 _d365734 |
||